Measurement in evaluating science education :a compendium of instruments, scales and tests
Gardado en:
| Autor Principal: | |
|---|---|
| Formato: | Libro |
| Idioma: | inglés |
| Publicado: |
Routledge
2020
|
| Tags: |
Engadir etiqueta
Sen Etiquetas, Sexa o primeiro en etiquetar este rexistro!
|
MARC
| LEADER | 00000nam a22000007a 4500 | ||
|---|---|---|---|
| 008 | 240717b |||||||| |||| 00| 0 eng d | ||
| 020 | |a 9780367146580 | ||
| 100 | |a CATALANO, Amy J. |a Marine, Michael A. | ||
| 245 | |a Measurement in evaluating science education |b :a compendium of instruments, scales and tests |c /Amy. J.Catalano and Marino |g v, 175p;ill | ||
| 260 | |b Routledge |c 2020 |h New York |i 702339 |i 70340 |l Q181.C28 |m Science--Study and teaching--Evaluation. |m Educational tests and measurements. |m Science students--Attitudes. |m Evaluation--Methodology. Psychometrics. |m Psychometrics. Browse by shelf order Q181 | ||
| 500 | |a Includes bibliographical references and index | ||
| 942 | |a lcc |c BK |e Johnson |f 17/07/24 | ||
| 952 | |0 0 |1 0 |2 lcc |4 0 |6 Q0181 C28 |7 0 |9 5404 |a HOL |b HOL |c AF |d 2024-07-17 |l 0 |o Q181.C28 |p 2024-0645 |r 2024-07-17 00:00:00 |t 702339 |w 2024-07-17 |y BK | ||
| 952 | |0 0 |1 0 |2 lcc |4 0 |6 Q0181 C28 |7 0 |9 5405 |a HOL |b HOL |c AF |d 2024-07-17 |l 0 |o Q181.C28 |p 2024-0646 |r 2024-07-17 00:00:00 |t 702340 |w 2024-07-17 |y BK | ||
| 999 | |c 2673 |d 2673 | ||